书目信息 |
| 题名: |
智能控制与MATLAB在电控发动机中的应用
|
|
| 作者: | 李国勇 著 | |
| 分册: | ||
| 出版信息: | 北京 电子工业出版社 2007.06 |
|
| 页数: | 307页 | |
| 开本: | 24cm | |
| 丛书名: | 自动控制技术应用丛书 | |
| 单 册: | ||
| 中图分类: | U464-39 | |
| 科图分类: | ||
| 主题词: | 汽车--qi che--电子控制--发动机--智能控制 | |
| 电子资源: | ||
| ISBN: | 978-7-121-04369-7 | |
| 000 | 01023nam 2200265 450 | |
| 001 | 012007570415 | |
| 005 | 20071106080609.43 | |
| 010 | @a978-7-121-04369-7@dCNY34.00 | |
| 100 | @a20070924d2007 km y0chiy0120 ea | |
| 101 | 0 | @achi |
| 102 | @aCN@b110000 | |
| 105 | @aa a 001yy | |
| 106 | @ar | |
| 200 | 1 | @a智能控制与MATLAB在电控发动机中的应用@Azhi neng kong zhi yu MATLAB zai dian kong fa dong ji zhong de ying yong@f李国勇著@Fli guo yong zhu |
| 210 | @a北京@c电子工业出版社@d2007.06 | |
| 215 | @a307页@c图@d24cm | |
| 225 | 2 | @a自动控制技术应用丛书@Azi dong kong zhi ji shu ying yong cong shu |
| 320 | @a有书目 (第305-307页) 和索引。 | |
| 330 | @a本书对电控汽油机控制系统的结构、原理及其故障的种类、原因进行了分析;介绍了模糊逻辑、神经网络和预测控制等理论的基本概念及工作原理等。 | |
| 410 | 0 | @12001 @a自动控制技术应用丛书 |
| 606 | 0 | @a汽车@Aqi che@x电子控制@x发动机@x智能控制 |
| 690 | @aU464-39@v4 | |
| 701 | 0 | @a李国勇@Ali guo yong@4著 |
| 801 | 0 | @aCN@b@c20071106 |
| 905 | @b263777-78@dU464-39@eL168@f2 | |
| 智能控制与MATLAB在电控发动机中的应用/李国勇著.-北京:电子工业出版社,2007.06 |
| 307页:图;24cm.-(自动控制技术应用丛书) |
| ISBN 978-7-121-04369-7:CNY34.00 |
| 本书对电控汽油机控制系统的结构、原理及其故障的种类、原因进行了分析;介绍了模糊逻辑、神经网络和预测控制等理论的基本概念及工作原理等。 |
| ● |
| 相关链接 |
|
|
|
正题名:智能控制与MATLAB在电控发动机中的应用
索取号:U464-39/L168
 
预约/预借
| 序号 | 登录号 | 条形码 | 馆藏地/架位号 | 状态 | 备注 |
| 1 | 263777 | 202637771 | 自科库501/501自科库 56排4列1层/ [索取号:U464-39/L168] | 在馆 | |
| 2 | 263778 | 202637780 | 自科库501/501自科库 56排4列1层/ [索取号:U464-39/L168] | 在馆 |